Sports Quiz

Random Sports or Baseball Quiz

MLB Teams Without Red or Blue Quiz Stats

Quiz Updated Nov 14, 2017

Also try: MLB Original Logos
Challenge
Share
Tweet
Embed
Score 0/6 Timer 01:00
11 Plays Today
Team % Correct
Oakland Athletics
74.7%
Chicago White Sox
67.8%
San Francisco Giants
61.2%
Baltimore Orioles
59.9%
Pittsburgh Pirates
54.8%
Colorado Rockies
47.6%

You're not logged in!

Compare scores with friends on all Sporcle quizzes.
Sign Up with Email
OR
Log In

You Might Also Like...

Show Comments

Extras

Top Quizzes Today


Score Distribution

Your Account Isn't Verified!

In order to create a playlist on Sporcle, you need to verify the email address you used during registration. Go to your Sporcle Settings to finish the process.